| 000 | 01741cam a22004694i 4500 | ||
|---|---|---|---|
| 003 | PE-LiUPU | ||
| 005 | 20250731173137.0 | ||
| 008 | 150623s1979 ilu rb 000 0 eng d | ||
| 020 | _a0226311090 | ||
| 035 | _a(Sirsi) i9780226311098 | ||
| 040 |
_aPE-LiUPU _bspa _cPE-LiUPU _erda |
||
| 049 | _aPRUA | ||
| 082 | 0 | 4 |
_a232 _bG95 _221 |
| 100 | 1 |
_aGustafson, James M., _eautor. |
|
| 245 | 1 | 0 |
_aChrist and the moral life / _cJames M. Gustafson. |
| 264 | 1 |
_aChicago : _bThe University of Chicago Press, _c1979. |
|
| 300 |
_a275 páginas ; _c20 centímetros |
||
| 336 |
_atext _2rdacontent |
||
| 337 |
_aunmediated _2rdamedia |
||
| 338 |
_avolume _2rdacarrier |
||
| 504 | _aIncluye bibliografía. | ||
| 505 | 0 | _aA study in ethics: a statement of procedure and method -- Jesus Christ, the Lord who is creator and redeemer -- Jesus Christ, the sanctifier -- Jesus Christh, the justifier -- Jesus Christh, the pattern -- Jesus Christh, the teacher -- Christ and the moral life: a constructive statement. | |
| 526 | _aSEG42 | ||
| 526 | _aSEG41 | ||
| 526 | _aSEG40 | ||
| 526 | _aSEG39 | ||
| 526 | _aP94 | ||
| 526 | _aP87 | ||
| 526 | _aP86 | ||
| 526 | _aP85 | ||
| 526 | _aP77 | ||
| 526 | _aP76 | ||
| 526 | _aP35 | ||
| 600 | 1 |
_aJesucristo _xMoral |
|
| 650 | 0 | 4 |
_aÉtica cristiana. _91047 |
| 942 |
_2ddc _cBOOK |
||
| 949 |
_a232 G95 _wDEWEY _c1 _i52359 _lCCODEBUL1 _mBUL _p5.00 _r0 _sY _tBOOK _u2015-6-24 _xTEOLOGIA _PP35 _0COMPRA _o.STAFF. Colección General |
||
| 994 |
_aC0 _bPEPRU |
||
| 596 | _a1 | ||
| 999 |
_a232 G95 _wDEWEY _c34183 _i52359 _f2021-11-9 _g5 _lCCODEBUL1 _mBUL _p5.00 _r0 _sY _tBOOK _u2015-6-24 _xTEOLOGIA _PP35 _0COMPRA _o.STAFF. Colección Teología _d34183 |
||
| 980 |
_81 _gALBERTO SANCHEZ Responsable de Automatización |
||